Behind the razor wire : (Record no. 216234)
[ view plain ]
| 000 -LEADER | |
|---|---|
| fixed length control field | 01107cam a2200289 a 4500 |
| 001 - CONTROL NUMBER | |
| control field | 000557548 |
| 003 - CONTROL NUMBER IDENTIFIER | |
| control field | AM-YeHGA |
| 005 - DATE AND TIME OF LATEST TRANSACTION | |
| control field | 20250617140234.0 |
| 008 - FIXED-LENGTH DATA ELEMENTS--GENERAL INFORMATION | |
| fixed length control field | 980513s1999 nyua 000 0 eng d |
| 020 ## - INTERNATIONAL STANDARD BOOK NUMBER | |
| International Standard Book Number | 0814742408 (alk. paper) |
| 040 ## - CATALOGING SOURCE | |
| Original cataloging agency | AM-YeHGA |
| 041 0# - LANGUAGE CODE | |
| Language code of text/sound track or separate title | eng |
| 043 ## - GEOGRAPHIC AREA CODE | |
| Geographic area code | n-us--- |
| 090 ## - LOCALLY ASSIGNED LC-TYPE CALL NUMBER (OCLC); LOCAL CALL NUMBER (RLIN) | |
| -- | 217757 |
| 100 2# - MAIN ENTRY--PERSONAL NAME | |
| Personal name | Jacobson-Hardy, Michael, |
| Dates associated with a name | 1951- |
| 245 10 - TITLE STATEMENT | |
| Title | Behind the razor wire : |
| Remainder of title | Portrait of a contemporary American prison system / |
| Statement of responsibility, etc. | Photographs and text by Michael Jacobson-Hardy ; Foreword by Angela Y. Davis ; Essays by John Edgar Wideman, Marc Mauer, and James Gilligan. |
| 260 ## - PUBLICATION, DISTRIBUTION, ETC. | |
| Place of publication, distribution, etc. | New York : |
| Name of publisher, distributor, etc. | New York University Press, |
| Date of publication, distribution, etc. | 1999. |
| 300 ## - PHYSICAL DESCRIPTION | |
| Extent | xviii, 134 p. : |
| Other physical details | ill. ; |
| Dimensions | 23 x 29 cm. |
| 650 #0 - SUBJECT ADDED ENTRY--TOPICAL TERM | |
| Topical term or geographic name entry element | Prisons |
| Geographic subdivision | United States |
| 650 #0 - SUBJECT ADDED ENTRY--TOPICAL TERM | |
| Topical term or geographic name entry element | Prisons |
| Geographic subdivision | United States |
| General subdivision | Pictorial works |
| 650 #0 - SUBJECT ADDED ENTRY--TOPICAL TERM | |
| Topical term or geographic name entry element | Criminal justice, Administration of |
| Geographic subdivision | United States |
| 650 #0 - SUBJECT ADDED ENTRY--TOPICAL TERM | |
| Topical term or geographic name entry element | Criminal justice, Administration of |
| Geographic subdivision | United States |
| General subdivision | Pictorial works |
| 700 1# - ADDED ENTRY--PERSONAL NAME | |
| Personal name | Davis, Angela Y. |
| Relationship | aft |
| 700 1# - ADDED ENTRY--PERSONAL NAME | |
| Personal name | Wideman, John Edgar |
| Relationship | aqt |
| 700 1# - ADDED ENTRY--PERSONAL NAME | |
| Personal name | Mauer, Marc |
| Relationship | aqt |
| 700 1# - ADDED ENTRY--PERSONAL NAME | |
| Personal name | Gilligan, James |
| Relationship | aqt |
| Withdrawn status | Lost status | Damaged status | Not for loan | Collection | Home library | Current library | Date acquired | Cost, normal purchase price | Shelving control number | Total checkouts | Full call number | Barcode | Date last seen | Price effective from | Koha item type | Public note |
|---|---|---|---|---|---|---|---|---|---|---|---|---|---|---|---|---|
| General | Fundamental Scientific Library | Fundamental Scientific Library | 28/12/2016 | 1500.00 | И II/113700 | FL0022294 | 28/12/2016 | 28/12/2016 | Գրքեր / Books | 30 Days Loan |
ՀՀ Գիտությունների ազգային ակադեմիայի հիմնարար գիտական գրադարան = Fundamental Scientific Library of NAS RA
All site content, except where otherwise noted, is licensed under a